000 02063nam0a2200373 4500
001 RU\NLR\bibl\1416130
005 20250615212922.0
010 _a978-5-7795-0412-6
_9320
021 _aRU
_b2009-59253
_93658
035 _a(nilc)RSL-KNO-004360013
035 _a(NLR Aleph) 001408090
090 _a1264920
_c1264920
100 _a20090717d2009 |||y0rusy50 ca
101 0 _arus
102 _aRU
105 _ay zzzz|||||
200 1 _aСоставление территориальных единичных расценок и определение сметной стоимости строительства (в базисном, текущем и прогнозном уровнях цен)
_eучебное пособие
_fВ.Г. Голоскоков, В.А. Изатов, О.Н. Верба, В.В. Черенков
_gМ-во образования и науки Российской Федерации, Федеральное агентство по образованию, Новосибирский гос. архитектурно-строит. ун-т (СИБСТРИН)
210 _aНовосибирск
_cСибстрин
_d2009
215 _a120 с.
_cил., табл.
_d21
320 _aБиблиогр.: с. 118-120 (18 назв.)
606 1 _aСтроительные работы
_jУчебные издания для высших учебных заведений
_xСметная стоимость
_92078632
_3RU\NLR\auth\661254494
686 _aУ9(2)310-372-862я73-1
_2rubbk
686 _aУ31(2)-372-862я73
701 1 _aГолоскоков
_bВ. Г.
_gВасилий Григорьевич
_4070
701 1 _aИзатов
_bВ. А.
_gВладимир Алиевич
_4070
701 1 _aВерба
_bО. Н.
_gОльга Николаевна
_4070
701 1 _aЧеренков
_bВ. В.
_gВячеслав Владимирович
_4070
801 0 _aRU
_bРКП
_c20090717
_grcr
801 1 _aRU
_bРГБ
_c20090717
801 2 _aRU
_bNLR
_c20090924
_grcr
830 _aпо кн.
942 _cBOOK
980 _aNB